| 000 | 01248nam a2200313 a 4500 | ||
|---|---|---|---|
| 001 | ebr10369689 | ||
| 003 | CaPaEBR | ||
| 006 | m u | ||
| 007 | cr cn||||||||| | ||
| 008 | 100331s1997 enka sb 001 0 eng d | ||
| 020 | _z0761951148 | ||
| 020 | _z0761951156 (pbk.) | ||
| 020 | _z9780761951148 | ||
| 020 | _z9780857021892 (e-book) | ||
| 040 |
_aCaPaEBR _cCaPaEBR |
||
| 035 | _a(OCoLC)607526180 | ||
| 050 | 1 | 4 |
_aJA71 _b.L38 1997eb |
| 100 | 1 |
_aLaver, Michael, _d1949- |
|
| 245 | 1 | 0 |
_aPrivate desires, political action _h[electronic resource] : _ban invitation to the politics of rational choice / _cMichael Laver. |
| 260 |
_aLondon : _bSAGE Publications, _c1997. |
||
| 300 |
_ax, 163 p. : _bill. |
||
| 504 | _aIncludes bibliographical references (p. [159]-160) and index. | ||
| 533 |
_aElectronic reproduction. _bPalo Alto, Calif. : _cebrary, _d2010. _nAvailable via World Wide Web. _nAccess may be limited to ebrary affiliated libraries. |
||
| 650 | 0 | _aRational choice theory. | |
| 650 | 0 |
_aPolitical science _xMethodology. |
|
| 655 | 7 |
_aElectronic books. _2local |
|
| 710 | 2 | _aebrary, Inc. | |
| 856 | 4 | 0 |
_uhttp://site.ebrary.com/lib/rucke/Doc?id=10369689 _zAn electronic book accessible through the World Wide Web; click to view |
| 999 |
_c213380 _d213380 |
||